[Event "HZ Chess Tournament 2019"]
[Site "Vlissingen, Netherlands"]
[Date "2019.08.03"]
[Round "1.45"]
[White "Kraemer, Max"]
[Black "Tuijp, Paul"]
[Result "1-0"]
[WhiteElo "2041"]
[BlackElo "1651"]
[PlyCount "81"]
[EventType "tourn"]
[EventCountry "NED"]

1. d4 d5 2. Bf4 Nf6 3. Nc3 c6 4. Nf3 Bf5 5. Ne5 Nbd7 6. f3 h6 7. g4 Bh7 8. e3
e6 9. Bd3 Bxd3 10. Qxd3 Be7 11. O-O-O Qa5 12. Kb1 a6 13. h4 c5 14. dxc5 Nxc5
15. Qd4 Ncd7 16. g5 Bc5 17. Qa4 Qxa4 18. Nxa4 Bxe3 19. gxf6 Bxf4 20. Nxd7 Kxd7
21. fxg7 Rhg8 22. Nb6+ Kc6 23. Nxa8 Rxa8 24. Rdg1 Rg8 25. Rg4 Be5 26. Rhg1 Kd6
27. c3 Kd7 28. Kc2 Kc6 29. Kd3 b6 30. b3 a5 31. a4 d4 32. Ke4 Kd6 33. R4g2 f5+
34. Kd3 Bf6 35. Rg6 Ke7 36. Rxh6 Rxg7 37. Rxg7+ Bxg7 38. Rh7 Kf6 39. Rxg7 Kxg7
40. Kxd4 Kf6 41. f4 1-0

[Event "HZ Chess Tournament 2019"]
[Site "Vlissingen, Netherlands"]
[Date "2019.08.03"]
[Round "1.46"]
[White "Duivenvoorden, Ben"]
[Black "Berghuis, Marten"]
[Result "0-1"]
[WhiteElo "1650"]
[BlackElo "2031"]
[PlyCount "50"]
[EventType "tourn"]
[EventCountry "NED"]

1. e4 c5 2. d3 g6 3. f4 Bg7 4. Nf3 Nc6 5. c3 e5 6. Be2 d5 7. O-O Nge7 8. Na3
O-O 9. Qe1 exf4 10. Bxf4 h6 11. h3 g5 12. Be3 d4 13. Bd2 Ng6 14. Nh2 Nce5 15.
Qg3 Be6 16. Nc2 Rc8 17. Ne1 c4 18. Nhf3 cxd3 19. Bd1 dxc3 20. Bxc3 Nxf3+ 21.
Rxf3 Bxc3 22. bxc3 Rxc3 23. Rxd3 Rxd3 24. Nxd3 Qd4+ 25. Nf2 Qxa1 0-1

[Event "HZ Chess Tournament 2019"]
[Site "Vlissingen, Netherlands"]
[Date "2019.08.03"]
[Round "1.47"]
[White "Hng, Mei-En Emmanuelle"]
[Black "Hamelink, Joost"]
[Result "1/2-1/2"]
[WhiteElo "2026"]
[BlackElo "1645"]
[PlyCount "68"]
[EventType "tourn"]
[EventCountry "NED"]

1. e4 c6 2. d4 d5 3. e5 e6 4. Nf3 c5 5. a3 Nc6 6. dxc5 Qc7 7. Bb5 Bxc5 8. b4
Bf8 9. O-O Bd7 10. Qe2 Nge7 11. Bb2 a6 12. Bd3 Ng6 13. Qe3 Nce7 14. Nc3 Nc6 15.
Ne2 Be7 16. Rac1 b5 17. Rfe1 O-O 18. h4 f5 19. exf6 Bxf6 20. Bxf6 Rxf6 21. Bxg6
hxg6 22. Rcd1 Rc8 23. Rd3 Qd6 24. Ng3 Rf4 25. Ne4 Qf8 26. Nc5 Qf7 27. Ng5 Qf5
28. Nxd7 Nd8 29. Nc5 Rxh4 30. Ngxe6 Qh5 31. g3 Rh1+ 32. Kg2 Qh3+ 33. Kf3 Qh5+
34. Kg2 Qh3+ 1/2-1/2

[Event "HZ Chess Tournament 2019"]
[Site "Vlissingen, Netherlands"]
[Date "2019.08.03"]
[Round "1.48"]
[White "Kohlrausch, Armin"]
[Black "Skutta, Bernd"]
[Result "1/2-1/2"]
[WhiteElo "1645"]
[BlackElo "2007"]
[PlyCount "92"]
[EventType "tourn"]
[EventCountry "NED"]

1. d4 f5 2. c4 Nf6 3. Nf3 g6 4. g3 Bg7 5. Bg2 O-O 6. O-O d6 7. d5 c5 8. Nc3 Na6
9. Re1 Rb8 10. e4 Nxe4 11. Nxe4 fxe4 12. Rxe4 Bf5 13. Rh4 b5 14. Bh6 Bxb2 15.
g4 Bd7 16. Ng5 Bxa1 17. Qxa1 Rf6 18. Qc3 bxc4 19. Bg7 Rb1+ 20. Bf1 h5 21. Bxf6
exf6 22. Qc2 Bf5 23. gxf5 fxg5 24. Rxc4 Re1 25. fxg6 Qf6 26. Kg2 Nb4 27. Qd2
Qa1 28. Qxg5 Qe5 29. Qh6 Qg7 30. Qxh5 Re5 31. Qg4 Nxd5 32. Ra4 Qe7 33. h4 Kg7
34. Kh2 Nf6 35. Qg3 Nh5 36. Qg4 Nf6 37. Qf3 Rh5 38. Be2 Kxg6 39. Bd3+ Kg7 40.
Rg4+ Kh8 41. Qa8+ Ne8 42. Bb5 Rxh4+ 43. Rxh4+ Qxh4+ 44. Kg2 Qg4+ 45. Kh2 Qf4+
46. Kg2 Qg4+ 1/2-1/2

[Event "HZ Chess Tournament 2019"]
[Site "Vlissingen, Netherlands"]
[Date "2019.08.03"]
[Round "1.49"]
[White "Haak, Eelco"]
[Black "Kloosterboer, Nico"]
[Result "1-0"]
[WhiteElo "2003"]
[BlackElo "1644"]
[PlyCount "70"]
[EventType "tourn"]
[EventCountry "NED"]

1. d4 g6 2. c4 Bg7 3. Nc3 Nf6 4. e4 d6 5. f3 Nbd7 6. Be3 c5 7. Nge2 a6 8. Qd2
h5 9. Rd1 b6 10. e5 Nh7 11. Bh6 O-O 12. Bxg7 Kxg7 13. f4 Bb7 14. dxc5 bxc5 15.
exd6 e6 16. Ng3 Nhf6 17. Bd3 h4 18. Nge4 Nh5 19. O-O Rh8 20. Qe3 Qb6 21. b3 Qc6
22. Rd2 h3 23. Qxh3 Nxf4 24. Qf3 e5 25. Nd5 f6 26. Nxf4 exf4 27. Qxf4 f5 28.
Ng5 Rae8 29. Bxf5 Rhf8 30. Qh4 Rh8 31. Qg3 Rh6 32. Bxd7 Qxd7 33. Rf7+ Qxf7 34.
Nxf7 Kxf7 35. d7 Rd8 1-0

[Event "HZ Chess Tournament 2019"]
[Site "Vlissingen, Netherlands"]
[Date "2019.08.03"]
[Round "1.50"]
[White "Wagenvoorde, Frits"]
[Black "De Zwart, Johan"]
[Result "0-1"]
[WhiteElo "1642"]
[BlackElo "1989"]
[PlyCount "92"]
[EventType "tourn"]
[EventCountry "NED"]

1. d4 d5 2. c4 e6 3. Nc3 Nf6 4. Bg5 Be7 5. Nf3 Nbd7 6. e3 h6 7. Bh4 O-O 8. Be2
c5 9. cxd5 Nxd5 10. Bxe7 Nxe7 11. O-O cxd4 12. exd4 Nf6 13. Rc1 Bd7 14. Qd2 Bc6
15. Rfd1 Rc8 16. h3 a6 17. a3 Qd6 18. Ne5 Bd5 19. Qe3 Nf5 20. Qd3 Bb3 21. Re1
Qxd4 22. Nf3 Qxd3 23. Bxd3 Ne7 24. Ne5 Rfd8 25. Be2 Ned5 26. Nb1 Nf4 27. Bf1
Rc2 28. Rxc2 Bxc2 29. Nc3 Bb3 30. g3 N4d5 31. Ne2 Rc8 32. Nd4 Ba4 33. Bd3 Rc2
34. Kf1 Nd7 35. Ndf3 Nxe5 36. Nxe5 Nf6 37. Kg1 Kf8 38. f4 Bb3 39. Re2 Bd5 40.
Kf2 Rc1 41. Ke3 Ke7 42. Kf2 Nd7 43. Ng4 Nc5 44. Ke3 Nxd3 45. Kd2 Rc7 46. f5
Nxb2 0-1